Score 0/40 Timer 05:00
0 Plays Today
Infectious Disease B, V or O? % Correct
Influenza???
78%
Acquired immune deficiency syndrome (AIDS)???
77.5%
Chickenpox???
76.1%
Common cold???
74.4%
Hepatitis C???
73.3%
Hepatitis B???
72.4%
Smallpox???
71%
Oral herpes (cold sores)???
70.6%
Measles (Rubeola)???
68.3%
Streptococcal pharyngitis (strep throat)???
67.7%
Poliomyelitis (polio)???
65.8%
Ebola hemorrhagic fever???
64.8%
Mumps???
64.4%
Botulism???
63.8%
Cholera???
63.7%
Gonorrhea???
63.5%
West Nile fever???
61.5%
Tuberculosis???
61.1%
Infectious mononucleosis (mono, glandular fever)???
60.8%
Chlamydia???
60.2%
Infectious Disease B, V or O? % Correct
Tinea pedis (Athlete's foot)???
59.1%
Meningococcal disease???
59%
Diphtheria???
58%
Rabies???
57.8%
Tetanus???
57.6%
Plague???
56%
Syphilis???
56%
Candidiasis (yeast infection)???
54.9%
Leprosy???
52.1%
Anthrax???
50.3%
Pertussis (Whooping cough)???
47.9%
Impetigo???
45.9%
Scabies???
42%
Scarlet Fever???
41.6%
Toxoplasmosis???
41.5%
Hand, foot, and mouth disease???
41.3%
Giardiasis???
39.3%
Rocky Mountain spotted fever???
36.8%
Malaria???
36.7%
Coccidioidomycosis (Valley Fever)???
26.2%
Remove Ads.
Support Sporcle.
Get the best of Sporcle when you Go Orange. This ad-free experience offers more features, more stats, and more fun while also helping to support Sporcle. Thank you for becoming a member.

You're not logged in!

Compare scores with friends on all Sporcle quizzes.
OR
Log In

Show Comments

Extras

Top Quizzes Today


Score Distribution

Your Account Isn't Verified!

In order to create a playlist on Sporcle, you need to verify the email address you used during registration. Go to your Sporcle Settings to finish the process.

Report this User

Report this user for behavior that violates our Community Guidelines.

Details: